000
00380nam a22001097a 4500
082
_a
080/SHA
100
_a
शर्मा ,रॉबिन
_9
78703
245
_a
महानता का मार्गदर्शक
260
_a
इंडिया
_b
जयको पब्लिकैशन हाउस
_c
2017
650
_a
सामान्य वर्ग
942
_c
HIN
999
_c
67763
_d
67763